[Event "Charity Cup MCCT KO 2022"]
[Site "Online"]
[Date "2022.03.22"]
[Round "1.1"]
[White "Carlsen, Magnus"]
[Black "Niemann, Hans Moke"]
[Result "1-0"]
[WhiteElo "2865"]
[BlackElo "2642"]
[Annotator "TA"]
[PlyCount "73"]
[EventDate "2022.03.18"]
[EventType "k.o."]
[EventCountry "NET"]
[SourceTitle "playchess.com"]
[Source "ChessBase"]
[SourceQuality "1"]

{[%evp 12,73,10,12,18,11,9,0,0,0,0,0,16,12,16,7,8,10,113,104,115,101,130,81,206,193,208,180,186,194,168,122,229,166,376,380,376,372,343,339,633,620,602,595,833,776,823,845,1083,1075,1051,986,1000,600,12830,11275,12830,12830,12829,12829,12829,12828,12824,5343]} 1. e4 e5 2. Nf3 Nc6 3. Bc4 Nf6 4. d3 Bc5 5. O-O O-O 6. h3 d6 7. c3 a5 {C54: Giuoco Piano: 4 c3 Nf6, main lines with 5 d4 and 5 d3.} 8. Re1 h6 9. d4 Bb6 {[%cal Of6e4] The position is equal.} 10. Bb3 Re8 11. Bc2 {[#]} d5 $146 ({Predecessor:} 11... exd4 12. cxd4 Nb4 13. Nc3 Nxc2 14. Qxc2 d5 15. e5 Ne4 16. Be3 Bf5 17. Nd2 Bg6 18. Ndxe4 dxe4 {½-½ (38) Haria,R (2490)-Adams,M (2700) London 2021}) 12. exd5 Qxd5 {[%cal Re5d4]} 13. Bb3 Qd6 {[%cal Re5d4]} 14. Nbd2 $36 {[%mdl 2048] Hoping for Nc4. White has the initiative.} e4 {[#]} (14... exd4 $11 15. Rxe8+ Nxe8) 15. Nc4 $1 $16 Qd8 {And now ...a4 would win.} 16. Nfe5 Be6 17. Bf4 (17. Ba4 $142) 17... Nd5 (17... Nxe5 $16 18. Bxe5 Bxc4 19. Bxc4 Qe7) 18. Rxe4 $18 f5 {[#]} 19. Nxc6 $1 bxc6 {[#]} 20. Rxe6 {[%mdl 512]} Rxe6 21. Be5 {A strong pair of Bishops.} (21. Bh2 $18) 21... Qg5 (21... Kh7 $16 22. Bc2 g6) 22. Qf3 Rd8 $2 (22... Kh7 23. Bc2 Rf8) 23. Nxb6 cxb6 {[#]} 24. c4 $1 {[%cal Bc3c4,Bc4c5,Bc5b6,Bb6b7][%mdl 32]} Rxe5 25. dxe5 Nf4 (25... Ne7 26. c5+ Kh7 27. cxb6 Rb8) 26. c5+ {White is clearly winning.} Kh7 27. h4 Qxh4 28. g3 Nh3+ 29. Kg2 Qg4 30. Qxg4 fxg4 31. cxb6 {[%mdl 4096] Endgame KRB-KRN} Ng5 32. e6 {[%cal Be5e6,Be6e7][%mdl 32]} Kg6 33. e7 Re8 34. Re1 Nf3 35. Re3 Nd4 36. b7 Nf5 37. Re6+ {Weighted Error Value: White=0.24 (precise) /Black=0.54} (37. Bc2 $142 Kf6 38. Bxf5 Kxf5 39. Rd3) 1-0

[Event "Charity Cup MCCT KO 2022"]
[Site "Online"]
[Date "2022.03.22"]
[Round "1.1"]
[White "Ding, Liren"]
[Black "Van Foreest, Jorden"]
[Result "1-0"]
[WhiteElo "2799"]
[BlackElo "2702"]
[Annotator "TA"]
[PlyCount "125"]
[EventDate "2022.03.18"]
[EventType "k.o."]
[EventCountry "NET"]
[SourceTitle "playchess.com"]
[Source "ChessBase"]
[SourceQuality "1"]

{[%evp 26,125,0,-4,0,0,0,-11,-8,-15,0,0,0,-5,-11,-26,-26,-26,-27,-58,0,0,0,0,0,0,0,0,0,0,0,0,0,0,0,0,0,0,0,0,0,0,0,0,0,0,0,0,0,0,0,0,0,0,8,8,8,8,8,8,8,8,8,8,8,8,77,77,140,139,5581,4695,4392,3439,29941,12575,11896,4306,29961,29962,29951,29946,29965,29969,29967,29965,29962,29962,29961,29967,29956,29960,29970,29970,29967,29968,29973,29974,29972,29973,29972,29971]} 1. d4 d5 2. c4 c6 3. Nf3 Nf6 4. Nc3 e6 5. cxd5 exd5 6. Bg5 Be7 7. Qc2 g6 8. e3 Bf5 9. Bd3 Bxd3 10. Qxd3 Nbd7 11. O-O O-O 12. Rab1 a5 13. Qc2 Re8 14. a3 Nh5 {D36: Queen's Gambit Declined: Exchange Variation: Main line (5 Bg5 c6 6 Qc2).} 15. Bxe7 Qxe7 {[#]} 16. Na4 $5 $146 {[%mdl 8] An interesting novelty.} ({Predecessor:} 16. Rfc1 Ng7 17. Ne2 Nf5 18. a4 Nf6 19. Ne5 h5 20. Nf4 Kg7 21. Nfd3 Ne4 22. b4 {½-½ (32) Xu,Y (2463)-Wang,H (2705) Zaozhuang 2015}) 16... Nhf6 {The position is equal.} 17. b4 axb4 18. axb4 Ne4 19. Nc5 Nd6 20. Ra1 Nb6 21. Nd2 Nbc4 {[%cal Oc4e3] And now ...Nxe3! would win.} 22. Nxc4 Nxc4 (22... dxc4 $15 23. Rfc1 Rxa1 24. Rxa1 b6) 23. Qc3 Nd6 24. h3 Kg7 25. Rxa8 Rxa8 26. Ra1 Qd8 27. Ra5 b6 28. Rxa8 Qxa8 29. Nd7 Ne4 30. Qc2 Qa1+ 31. Kh2 Qe1 {[%csl LRb4,LRf2]} 32. Qxc6 Qxf2 33. Qc7 {Prevents Qg3+.} Qxe3 34. Qe5+ Kh6 35. Nxb6 f6 36. Nxd5 fxe5 37. Nxe3 exd4 $11 {[%mdl 4096] Endgame KN-KN} 38. Nc4 Kg5 39. b5 {[%cal Bb4b5,Bb5b6,Bb6b7][%mdl 32]} Nc5 40. Kg3 Kf5 41. Kf3 Ke6 42. b6 Kd5 43. Na5 Nd7 44. b7 Kc5 45. Nb3+ Kc4 (45... Kc6 $11) 46. Nd2+ $16 Kd5 {[#]} ({Better is} 46... Kb5) 47. Ne4 $1 {[%cal Oe4f6] Strongly threatening Nf6+!} Kc6 $2 {[%mdl 8192] [#] This costs Black the game.} (47... Ke5 $16 48. Ng5 (48. Nc5 Nb8 $16) 48... Kd6 49. Nxh7 (49. Ke4 Kc7 $16) 49... Kc7) 48. Nf6 $1 $18 {[%mdl 512] Threatening mate with Nxd7.} Nb8 49. Nxh7 Kxb7 {[#]} 50. Nf8 $1 Kc6 51. Ke4 (51. Nxg6 $142 Kd5 52. g4) 51... Kc5 52. Nxg6 {White mates.} Nd7 53. Nf4 Nf6+ 54. Ke5 Nd7+ 55. Kf5 Kd6 56. Ke4 Kc5 57. Ne6+ Kc4 58. Nxd4 Nf6+ 59. Kf5 Nd5 60. Ke5 Nb4 61. Nf5 Nd3+ 62. Kf6 Nf4 63. h4 {Weighted Error Value: White=0.02 (flawless) /Black=0.32} 1-0

[Event "Charity Cup MCCT KO 2022"]
[Site "Online"]
[Date "2022.03.22"]
[Round "1.1"]
[White "Duda, Jan-Krzysztof"]
[Black "Anton Guijarro, David"]
[Result "1-0"]
[WhiteElo "2760"]
[BlackElo "2691"]
[Annotator "TA"]
[PlyCount "53"]
[EventDate "2022.03.18"]
[EventType "k.o."]
[EventCountry "NET"]
[SourceTitle "playchess.com"]
[Source "ChessBase"]
[SourceQuality "1"]

{[%evp 11,53,16,19,-7,0,0,5,-12,-14,-12,-11,-47,-39,-46,-40,-38,-44,-59,-45,-52,-50,-24,0,0,0,0,0,-15,0,-24,-15,-64,496,487,485,462,589,587,576,571,662,652,829,813]} 1. e4 e5 2. Nf3 Nc6 3. Bb5 a6 4. Ba4 Nf6 5. d3 Bc5 6. Bxc6 dxc6 7. Nc3 {C77: Ruy Lopez: 3...a6 4 Ba4 Nf6, unusual lines.} Qe7 8. h3 a5 {[#]} 9. a4 $146 {The position is equal.} ({Predecessor:} 9. Bg5 a4 10. a3 O-O 11. Bh4 Re8 12. Qe2 b5 13. Nd1 Qd6 14. g4 Nd7 15. Ne3 Bxe3 16. Qxe3 {1-0 (55) Duda,J (2729)-Navara,D (2697) Prague 2021}) 9... b6 10. Ne2 Nd7 11. Ng3 g6 {Inhibits Nf5.} 12. O-O Ba6 13. Re1 O-O-O 14. Be3 h5 15. Bxc5 Nxc5 16. Qd2 h4 17. Nf1 Nd7 $1 18. Ne3 Rh5 19. Qc3 Kb7 20. Ra3 f6 21. Nc4 (21. Raa1 $11) 21... Qb4 $2 {[%mdl 8192] [#] Loses the game.} (21... Nf8 $15 {stays ahead.}) 22. Nxa5+ $1 $18 {[%mdl 512] White is clearly winning.} bxa5 (22... Qxa5 $2 23. b4) 23. Rb3 {[%mdl 64] Pin} c5 24. Rxb4+ cxb4 25. Qb3 Rh7 26. Qd5+ c6 27. Qxa5 {Weighted Error Value: White=0.08 (flawless) /Black=0.50} 1-0

[Event "Charity Cup MCCT KO 2022"]
[Site "Online"]
[Date "2022.03.22"]
[Round "1.1"]
[White "Le, Quang Liem"]
[Black "Navara, David"]
[Result "1-0"]
[WhiteElo "2709"]
[BlackElo "2700"]
[Annotator "TA"]
[PlyCount "79"]
[EventDate "2022.03.18"]
[EventType "k.o."]
[EventCountry "NET"]
[SourceTitle "playchess.com"]
[Source "ChessBase"]
[SourceQuality "1"]

{[%evp 13,79,5,8,12,1,6,26,22,14,19,18,24,16,35,20,9,12,13,22,0,33,40,45,37,37,16,0,0,63,63,199,207,312,308,350,182,186,186,478,464,495,397,488,472,721,689,723,647,625,483,1206,688,777,708,877,6137,12823,12825,6178,6153,6137,6085,1674,4309,1498,1262,885,743]} 1. Nf3 d5 2. d4 Nf6 3. c4 e6 4. Nc3 Bb4 5. Qa4+ Nc6 6. a3 Bxc3+ 7. bxc3 Bd7 {[%cal Oc6d4]} 8. cxd5 $1 {8.cxd5 scores better than 8.Qc2. D38: Queen's Gambit Declined: Ragozin Defence (4 Nf3 Bb4).} exd5 9. Bg5 {[%cal Bc1g5,Bg5h4,Bh4g3][%mdl 32]} h6 10. Bh4 {White has an edge.} O-O 11. e3 Re8 12. Qc2 g5 13. Bg3 Ne4 14. Nd2 Bf5 15. Nxe4 Bxe4 {[#]} 16. Qd1 $146 ({Predecessor:} 16. Qb2 Na5 17. h4 f6 18. hxg5 hxg5 19. f3 Bf5 20. Kf2 c6 21. Re1 Qb6 22. Qa2 {1-0 (45) Tran,Q (2270)-Ni,H (2658) Ho Chi Minh City 2014}) 16... Qd7 17. h4 g4 18. h5 Kh7 19. Rh4 Rg8 20. Be2 {[%cal Rh4g4]} Bf5 ({Black should play} 20... f5 $11) 21. c4 $14 Na5 {A mistake that costs the game.} ({Black should try} 21... Ne7 $14) 22. cxd5 $18 Qxd5 {[#]} (22... c6 {was necessary.} 23. dxc6 Nxc6) 23. Rc1 $1 {Black must now prevent Rc5.} ({Not} 23. Bxg4 Bxg4 24. Rxg4 Rxg4 25. Qxg4 Rg8 $16) (23. Bxc7 Rac8 24. Bxa5 Qxa5+ 25. Kf1 Qc3 $14) 23... b6 {Inhibits Rc5.} 24. Bxg4 (24. Rxc7 $142 Rac8 25. Rxc8 (25. Rxa7 Nc4 $18) 25... Rxc8 26. Bxg4) 24... Rxg4 25. Rxg4 Qxg2 $2 (25... Bxg4 {was worth a try.} 26. Qxg4 Rg8) 26. Rf4 Qh1+ 27. Kd2 {[%cal Be1d2,Bd2e2,Be2f2][%mdl 32]} Qd5 28. Rxc7 {White is clearly winning.} Nb3+ (28... Rb8 $142 29. Ke1 Qh1+ 30. Ke2 Qxh5+ 31. Kd2 Qxd1+ 32. Kxd1 Bg6) 29. Ke2 Be6 30. Qd3+ Kg8 31. f3 Qxh5 (31... Rc8 $142) 32. Kf2 {[%cal Od4d5] Threatens to win with d5!} Rf8 33. d5 Qxd5 {[#]} 34. Rg4+ $1 {[%mdl 512]} Kh8 35. Qxd5 Bxd5 36. Be5+ f6 37. Bc3 {aiming for Rg6.} Nc5 38. Rg6 Nd3+ 39. Ke2 Ne5 {[#]} 40. Rxf6 $3 {[%mdl 512] Weighted Error Value: White=0.36/Black=0.41} 1-0

[Event "Charity Cup MCCT KO 2022"]
[Site "Online"]
[Date "2022.03.22"]
[Round "1.1"]
[White "Van Foreest, Jorden"]
[Black "Ding, Liren"]
[Result "1/2-1/2"]
[WhiteElo "2702"]
[BlackElo "2799"]
[Annotator "TA"]
[PlyCount "132"]
[EventDate "2022.03.18"]
[EventType "k.o."]
[EventCountry "NET"]
[SourceTitle "playchess.com"]
[Source "ChessBase"]
[SourceQuality "1"]

{[%evp 15,131,31,21,31,35,16,24,13,24,27,47,45,44,62,40,41,44,50,37,50,50,44,26,35,44,42,50,50,40,40,51,44,44,0,0,0,8,0,8,8,8,0,0,0,0,0,0,0,0,0,0,0,0,0,-2,-14,0,0,0,0,0,0,0,0,0,0,0,0,0,-39,-6,-117,-119,-119,-119,-117,-89,-100,-95,-191,-202,-202,-173,-176,-188,-200,-207,-191,-189,-244,-163,-163,-163,-170,-77,-72,-8,-8,-8,-8,-8,-8,-8,-8,-8,-8,-8,-8,0,0,0,-8,0,0,0,0,0,0]} 1. e4 e6 2. d4 d5 3. Nc3 Nf6 4. Bg5 dxe4 5. Nxe4 Nbd7 6. Nf3 h6 7. Bxf6 Nxf6 8. Bd3 c5 9. Qe2 {C13: French: Classical System: 4 Bg5 Be7, Alekhine-Chatard Attack.} Nxe4 10. Bxe4 Qa5+ 11. c3 {White has an edge.} cxd4 12. Nxd4 {[#]} g6 $146 ({Predecessor:} 12... Be7 13. O-O-O O-O 14. Kb1 Rd8 15. Bc2 Bd7 16. Qe4 g6 17. h4 Ba4 18. Bxa4 Qxa4 {1-0 (28) Caruana,F (2820)-Lupulescu,C (2656) Bucharest 2021}) 13. O-O-O {[%cal Od4c6]} Bg7 {[#]} 14. Nc6 $1 Qg5+ 15. Kb1 O-O {[#]} 16. h4 $1 Qc5 {[#]} 17. Qe3 $1 Qxe3 18. Ne7+ Kh8 19. fxe3 Bf6 $1 20. Nxc8 Raxc8 21. Rd7 {Inhibits Rc7.} b5 {[%cal Ob5b4]} 22. Rxa7 b4 $1 23. cxb4 {b5 is the strong threat.} Rc4 {[%csl LRb4,LRe4]} 24. Bc2 (24. Bf3 $14 {is more appropriate.}) 24... Rxb4 $11 25. Bb3 Kg7 26. Ra4 Rfb8 {And now ...Rxa4 would win.} 27. Rxb4 Rxb4 {[%mdl 4096] Endgame KRB-KRB} 28. Rc1 Bxh4 29. Bc4 Bg5 30. a3 Ra4 31. Rc3 Bf6 32. Rc2 Ra5 33. Ka2 Be7 {Inhibits b4.} 34. Bd3 h5 35. Rc7 Kf6 36. Rc4 Rd5 37. Be4 Rc5 38. Rd4 Ke5 39. b4 Rc3 40. Bd3 f5 41. Kb2 Rc8 42. Ba6 Rd8 43. Kc3 (43. Rxd8 $11 {keeps the balance.} Bxd8 44. Kc2) 43... Ra8 $17 44. b5 Bxa3 45. Kc4 Ra7 {Inhibits Rd7.} 46. Kd3 Bc5 47. Rc4 (47. Rd8 $17) 47... Rc7 48. Ke2 g5 {[%cal Bg6g5,Bg5g4][%mdl 32]} 49. g3 g4 50. Rc1 Kf6 51. Rh1 Kg5 {White must now prevent ...Bb6.} 52. Rc1 (52. Rd1 $142) 52... h4 53. gxh4+ Kxh4 54. Rh1+ Kg3 (54... Kg5 $19 {has better winning chances. Strongly threatening ...Bb6.} 55. Rh8 Ba7) 55. Rh6 {[#]} e5 (55... Rd7 $1 $17 {aiming for ...Bb4.} 56. b6 Bxb6 57. Rxe6 Bc7) 56. b6 $11 {[#] The position is equal.} Bxb6 57. Rxb6 {KRB-KR} f4 58. exf4 exf4 {[%cal Be5f4,Bf4f3,Bf3f2][%mdl 32]} 59. Rg6 f3+ 60. Ke3 Re7+ 61. Kd2 f2 62. Be2 Re4 {Threatens to win with ...Kh2.} 63. Bxg4 Rxg4 64. Rxg4+ Kxg4 65. Ke2 Kg3 {( -> ...Kg2)} 66. Kf1 Kf3 {And White is the lucky defender.  Weighted Error Value: White=0.10 (very precise) /Black=0.08 (flawless)} 1/2-1/2

[Event "Charity Cup MCCT KO 2022"]
[Site "Online"]
[Date "2022.03.22"]
[Round "1.1"]
[White "Navara, David"]
[Black "Le, Quang Liem"]
[Result "1-0"]
[WhiteElo "2700"]
[BlackElo "2709"]
[Annotator "TA"]
[PlyCount "95"]
[EventDate "2022.03.18"]
[EventType "k.o."]
[EventCountry "NET"]
[SourceTitle "playchess.com"]
[Source "ChessBase"]
[SourceQuality "1"]

{[%evp 12,95,18,0,14,8,6,3,17,11,26,25,25,18,15,14,18,8,23,20,10,10,12,14,33,23,18,7,7,7,8,2,27,29,29,42,103,107,126,88,79,81,132,143,147,141,129,116,175,227,238,225,225,220,597,360,597,568,631,619,597,600,547,360,593,360,360,360,360,360,555,510,501,400,363,307,1265,281,29978,29978,29979,29980,29980,29981,29980,29980]} 1. d4 Nf6 2. c4 e6 3. Nf3 d5 4. Nc3 Bb4 5. Qa4+ Nc6 6. e3 O-O 7. Bd2 dxc4 {D38: Queen's Gambit Declined: Ragozin Defence (4 Nf3 Bb4).} 8. Bxc4 Bd6 9. Qc2 a6 {The position is equal.} 10. a3 e5 11. dxe5 Nxe5 12. Nxe5 Bxe5 13. f4 Bxc3 14. Bxc3 Ng4 15. Bd4 c5 16. Bxc5 {Hoping for Qb3. A strong pair of Bishops.} Re8 $1 17. O-O Nxe3 18. Bxe3 Rxe3 {[#]} 19. Rae1 $5 $146 {[%mdl 8] An interesting novelty.} ({Predecessor:} 19. Qf2 Re8 20. f5 Qf6 21. Rad1 b5 22. Ba2 Rb8 23. Qc5 Qb6 24. b4 Qxc5+ 25. bxc5 {½-½ (74) Andreikin,D (2724)-Wojtaszek,R (2725) Jerusalem 2019}) 19... Re7 20. Rxe7 Qxe7 21. Bd5 Bg4 22. h3 $36 {[%mdl 2048] White has the initiative.} Be6 23. Re1 Qh4 (23... Qd7 $14 24. Bxe6 fxe6) 24. Qe4 $1 $16 {White is more active.} (24. Rxe6 fxe6 25. Bxb7 Rf8 26. Bxa6 Qxf4 $17) 24... Rf8 {...Bxd5 is the strong threat.} (24... Bxd5 $2 {is a self mate.} 25. Qe8+ $3 {[%mdl 512]} Rxe8 26. Rxe8#) 25. f5 Qxe4 26. Bxe4 {[%mdl 4096] Endgame KRB-KRB} Bd7 ({Black should try} 26... Bc8) 27. Bxb7 Rb8 28. Bxa6 Rxb2 29. Re7 Bc6 {[#]} (29... Rd2 $16 {keeps fighting.}) 30. Rc7 $1 $18 {Rc8+ would kill now.} Be8 (30... Rxg2+ $2 31. Kf1 Kf8 32. Rxc6 $18) 31. Rb7 Rxb7 32. Bxb7 {KB-KB} Kf8 $2 (32... f6 {is tougher.} 33. Kf2 Kf7) 33. f6 gxf6 $2 (33... Ba4 34. fxg7+ Kxg7) 34. Be4 h6 35. Bc2 Ke7 36. Kf2 Kd6 37. Ke3 Kc5 $2 (37... Bc6 38. Be4 Bd7) 38. Bb3 {And now Kf4 would win.} Bc6 39. g4 ({And not} 39. Bxf7 Bxg2 40. Be6 Kd6 $11) 39... Bd7 40. Kf4 {Inhibits f5.} ({Weaker is} 40. Bxf7 Bb5 41. Kf4 Bd3 $16) 40... Be6 (40... Kb5 $142 41. Bxf7 Ka4) 41. Bc2 Kc4 42. a4 Kb4 43. Kg3 {Strongly threatening Kh4.} Kc3 $2 (43... Bd5 44. Kf4 Be6) 44. Bf5 $2 (44. Bb1 Bc4 45. Kf4) 44... Kb4 $2 (44... Bc4 $18 45. a5 Kd4) 45. Kh4 {White mates.} Kxa4 {[#]} 46. Kh5 $1 Kb4 47. Kxh6 Kc5 48. Kg7 {Weighted Error Value: White=0.29 (precise) /Black=0.45} 1-0

[Event "Charity Cup MCCT KO 2022"]
[Site "Online"]
[Date "2022.03.22"]
[Round "1.1"]
[White "Anton Guijarro, David"]
[Black "Duda, Jan-Krzysztof"]
[Result "1/2-1/2"]
[WhiteElo "2691"]
[BlackElo "2760"]
[Annotator "TA"]
[PlyCount "87"]
[EventDate "2022.03.18"]
[EventType "k.o."]
[EventCountry "NET"]
[SourceTitle "playchess.com"]
[Source "ChessBase"]
[SourceQuality "1"]

{[%evp 13,87,7,22,13,29,23,24,18,26,35,45,50,37,36,27,37,31,0,37,35,32,30,31,30,25,30,27,28,29,6,5,0,0,0,0,0,0,0,0,0,0,0,0,0,0,0,0,0,0,0,0,0,0,0,6,6,6,0,0,0,0,0,0,0,0,0,0,0,0,0,0,0,0,0,0,0]} 1. Nf3 d5 2. c4 e6 3. e3 Nf6 4. Nc3 Be7 5. b3 O-O 6. Bb2 c5 7. cxd5 exd5 8. d4 {A13: English Opening: 1...e6.} Nc6 9. Be2 Ne4 10. dxc5 {White has an edge.} Qa5 11. Rc1 Bf6 {[%cal Re4c3]} 12. Nd4 $1 Nxc5 13. Nxc6 bxc6 14. O-O Ne4 {[%cal Rf6c3]} 15. Qe1 {[#] Strongly threatening Nxe4.} (15. Qc2 $5 {[%cal Rc3e4]}) 15... Nxc3 16. Bxc3 Bxc3 17. Qxc3 Qxa2 18. Rc2 Qa3 19. Ra1 Qe7 20. Qxc6 Be6 {[#]} 21. Qc7 $146 ({Predecessor:} 21. Rd2 Qb4 22. Rd3 Rfc8 23. Qa6 h6 24. h3 Rc3 25. Qa3 Qxa3 26. Rxa3 Rxd3 27. Bxd3 {1-0 (103) So,W (2770)-Duda,J (2743) chess24.com INT 2021}) 21... Qb4 {[#] White must now prevent ...Rac8. The position is equal.} 22. Qc3 Rfb8 {[%cal Bf8b8,Bb8b4,Bb4d4][%mdl 32]} 23. Qxb4 Rxb4 24. Rc3 d4 25. exd4 Rxd4 26. Bf3 Rad8 27. h3 Rb4 28. Rxa7 Rxb3 29. Rxb3 Bxb3 30. Ra8 Rxa8 31. Bxa8 $11 {[%mdl 4096] Endgame KB-KB} h6 32. g3 Kf8 33. h4 f6 34. Bb7 g5 35. hxg5 hxg5 36. f4 gxf4 37. gxf4 Ke7 38. Kf2 Kd6 39. Ke3 Be6 40. Bf3 Bd7 41. Be4 Be6 42. Bf3 Bd7 43. Be4 Be6 44. Bf3 {Weighted Error Value: White=0.03 (flawless) /Black=0.02 (flawless)} 1/2-1/2

[Event "Charity Cup MCCT KO 2022"]
[Site "Online"]
[Date "2022.03.22"]
[Round "1.1"]
[White "Niemann, Hans Moke"]
[Black "Carlsen, Magnus"]
[Result "0-1"]
[WhiteElo "2642"]
[BlackElo "2865"]
[Annotator "TA"]
[PlyCount "190"]
[EventDate "2022.03.18"]
[EventType "k.o."]
[EventCountry "NET"]
[SourceTitle "playchess.com"]
[Source "ChessBase"]
[SourceQuality "1"]

{[%evp 10,190,29,27,29,12,14,-1,-6,-8,0,0,0,-24,9,0,0,-12,-8,-1,0,-6,-20,-33,-16,-35,-29,-52,-27,-81,-58,-53,-59,-51,-66,-66,-66,-59,-60,-53,0,0,0,0,0,0,0,-42,-45,-37,0,0,0,-9,0,-34,-31,-30,-36,-56,-56,-56,-56,-63,-43,-42,-35,-37,-35,-42,-42,-42,-43,-43,-43,-43,-49,-129,-144,-145,-136,-198,-198,-308,-174,-173,-168,-158,-89,-388,-388,-369,-375,-374,-367,-367,-328,-321,-256,-359,-295,-422,-363,-389,-389,-389,-389,-374,-374,-374,-374,-374,-367,-366,-358,-344,-327,-954,-955,-741,-621,-7296,-7167,-5430,-5093,-1970,-1856,-2092,-1978,-7346,-7346,-7346,-7346,-7346,-7346,-7346,-7339,-7339,-7339,-7332,-7332,-7332,-7332,-7325,-7325,-7317,-7317,-7310,-7303,-7288,-7288,-7195,-7110,-12821,-2759,-6540,-8320,-29949,-29951,-29949,-584,-29966,-29966,-29967,-29968,-29968,-29965,-29964,-29965,-29965,-29963,-29965,-29965,-29965,-29966,-29966,-29968,-29968,-29969,-29968,-29970,-11885,-4145]} 1. d4 e6 2. c4 f5 3. g3 Nf6 4. Bg2 d5 5. Nf3 Bd6 6. O-O O-O {A90: Dutch Defence: Miscellaneous and Modern Stonewall (with ...Bd6).} 7. c5 Be7 {[#]} 8. Qc2 $146 ({Predecessor:} 8. b4 b6 9. Bb2 a5 10. a3 Bd7 11. Nc3 Ne4 12. Ne5 Nc6 13. Nxd7 Qxd7 14. Nxe4 fxe4 {1-0 (44) Repka,C (2528)-Pechac,J (2431) Riga 2018}) 8... Nc6 {The position is equal.} 9. a3 a5 10. Nc3 Ne4 11. Rd1 Bf6 12. Rb1 Bd7 {[%cal Oa5a4]} 13. b4 axb4 14. axb4 Be8 15. b5 Na5 16. Nd2 Nxd2 17. Qxd2 Nc4 18. Qd3 c6 19. b6 (19. bxc6 $11 bxc6 20. Rb4) 19... e5 (19... Bh5 {is more complex.} 20. Rf1 Qd7 21. f4 g6 22. e3 Qg7) 20. Nxd5 $1 cxd5 21. dxe5 Nxe5 22. Qxd5+ Qxd5 23. Bxd5+ {[#]} Rf7 $1 24. Bb2 Kf8 ({Black should try} 24... Bc6 $15) 25. Bxf7 $11 Kxf7 26. Rd5 Ke6 27. Rd6+ Ke7 28. Ra1 {Inhibits Ra5.} (28. Rd5 $1 $11 {is more appropriate.} Ke6 29. Rd6+ Kf7 30. Rd5) 28... Rxa1+ $15 29. Bxa1 Nd7 30. Bxf6+ Nxf6 31. f3 Bc6 32. Rd2 Nd7 {[%mdl 1024] Black has compensation.} 33. Rc2 Ke6 34. Kf2 Kd5 35. Ke3 Nxc5 36. Kf4 Ne6+ (36... Na4 $5 {[%cal Ra4b6]}) 37. Ke3 Kd6 38. h4 h6 39. h5 Be8 40. g4 fxg4 41. fxg4 Bd7 42. Rc1 Ke5 43. Rc3 ({White should play} 43. Kf3 $15) 43... Nf4 $1 $17 {And now ...Nd5+ would win.} 44. Kf2 Nd5 {Prevents Rc7.} (44... Bxg4 45. Rc7 Bxe2 46. Rxb7 $14) 45. Rg3 (45. Rc4 $17) 45... Nf6 $1 $19 (45... Nxb6 46. g5 $17) 46. Kf3 (46. Rg1 $142) 46... Bc6+ (46... Bxg4+ $142 47. Ke3 (47. Rxg4 Nxg4 48. Kxg4 Ke4 $19) 47... Nd5+ 48. Kf2 Kf4) 47. Ke3 Nd5+ 48. Kf2 Kf4 (48... Nxb6 $142 {...Kf4 is the strong threat.} 49. g5 Be4 50. gxh6 gxh6) 49. Rf3+ {[%mdl 8192] This move loses the game for White.} (49. g5 $17) 49... Kxg4 50. Rg3+ Kxh5 {Hoping for ...g5.} 51. Rxg7 Nxb6 52. Kg3 Nc4 53. Kf4 Nd6 {Inhibits e4.} 54. Re7 (54. Rg1 {was necessary.}) 54... Ne4 $1 55. Re5+ (55. Rg7 $142) 55... Ng5 56. Re7 Kg6 57. Re5 Kf6 {( -> ...Nh3+)} 58. Rf5+ Ke6 59. Re5+ Kd6 60. Rf5 Ne6+ 61. Ke3 Be8 {Inhibits Rh5.} 62. Kd2 h5 {[%cal Bh6h5,Bh5h4,Bh4h3][%mdl 32]} 63. e4 $2 (63. Kc3) 63... h4 64. Ke3 h3 65. Rf3 Ng5 ({Stronger than} 65... h2 66. Rh3 $17) 66. Rf6+ Ke7 ({Not} 66... Ne6 $2 67. Rh6 $19) 67. Rh6 Bd7 {Threatens to win with ...Nf7.} 68. Kf4 Nf7 69. Rb6 Bc6 70. Rb3 h2 71. Rh3 {[#]} Bxe4 $1 72. Rxh2 Bd5 $1 73. Ke3 Kd6 74. Kd4 Nd8 75. Rh6+ Ne6+ 76. Kc3 {[#]} Kc5 $1 77. Rh8 Nd4 78. Rh4 Nc6 79. Rh5 b5 80. Rg5 b4+ 81. Kb2 Na5 82. Kc2 Nc4 83. Kb3 Nb6+ 84. Kc2 b3+ 85. Kc1 Kb4 86. Rh5 Ka3 87. Rh3 Ka2 88. Rh2+ {[#]} Ka1 $1 89. Rd2 Bc4 90. Rd1 b2+ 91. Kc2+ Ka2 92. Kc3 b1=Q 93. Rxb1 Kxb1 94. Kb4 Bf7 95. Kc5 Nd5 {Weighted Error Value: White=0.27 (precise) /Black=0.13 (very precise)} 0-1